000 00318 a2200157 4500
001 65377
020 _a9788577343744
040 _cAnchieta - Pituba
100 _aMunhóz, Carolina
240 1 0 _aFeérica
_l
245 1 0 _aFeérica
300 _a346
362 0 _a2013
650 4 _aLiteratura juvenil
942 _cBK
999 _c65377
_d65377